<?xml version="1.0" encoding="UTF-8"?>
<record
    xmlns:xsi="http://www.w3.org/2001/XMLSchema-instance"
    xsi:schemaLocation="http://www.loc.gov/MARC21/slim http://www.loc.gov/standards/marcxml/schema/MARC21slim.xsd"
    xmlns="http://www.loc.gov/MARC21/slim">

  <leader>00461nam a22001457a 4500</leader>
  <controlfield tag="008">230529b        |||||||| |||| 00| 0 eng d</controlfield>
  <datafield tag="040" ind1=" " ind2=" ">
    <subfield code="a">National Science Library</subfield>
    <subfield code="c">National Science Library</subfield>
  </datafield>
  <datafield tag="080" ind1=" " ind2=" ">
    <subfield code="a">R 001(680)(058.7)</subfield>
    <subfield code="b">L5</subfield>
  </datafield>
  <datafield tag="245" ind1=" " ind2=" ">
    <subfield code="a">National register of research projects</subfield>
    <subfield code="c">/ Natural and Human Sciences</subfield>
  </datafield>
  <datafield tag="260" ind1=" " ind2=" ">
    <subfield code="a">South Africa: </subfield>
    <subfield code="b">Natural and Human Sciences, </subfield>
    <subfield code="c">1974</subfield>
  </datafield>
  <datafield tag="300" ind1=" " ind2=" ">
    <subfield code="a">683p.</subfield>
  </datafield>
  <datafield tag="650" ind1=" " ind2=" ">
    <subfield code="a">Geography</subfield>
  </datafield>
  <datafield tag="653" ind1=" " ind2=" ">
    <subfield code="a">Science</subfield>
  </datafield>
  <datafield tag="942" ind1=" " ind2=" ">
    <subfield code="2">udc</subfield>
    <subfield code="c">PR</subfield>
  </datafield>
  <datafield tag="999" ind1=" " ind2=" ">
    <subfield code="c">36037</subfield>
    <subfield code="d">36037</subfield>
  </datafield>
  <datafield tag="952" ind1=" " ind2=" ">
    <subfield code="0">0</subfield>
    <subfield code="1">0</subfield>
    <subfield code="2">udc</subfield>
    <subfield code="4">0</subfield>
    <subfield code="6">R_0016800587_L5</subfield>
    <subfield code="7">0</subfield>
    <subfield code="9">54881</subfield>
    <subfield code="a">NSL</subfield>
    <subfield code="b">NSL</subfield>
    <subfield code="c">GF/Rk-23/C-3/R-6</subfield>
    <subfield code="d">1967-06-30</subfield>
    <subfield code="l">0</subfield>
    <subfield code="o">R 001(680)(058.7) L5</subfield>
    <subfield code="p">66394</subfield>
    <subfield code="r">2023-05-29 00:00:00</subfield>
    <subfield code="w">1967-06-30</subfield>
    <subfield code="y">PR</subfield>
  </datafield>
  <datafield tag="952" ind1=" " ind2=" ">
    <subfield code="0">0</subfield>
    <subfield code="1">0</subfield>
    <subfield code="2">udc</subfield>
    <subfield code="4">0</subfield>
    <subfield code="6">R_0016800587_L6</subfield>
    <subfield code="7">0</subfield>
    <subfield code="9">54884</subfield>
    <subfield code="a">NSL</subfield>
    <subfield code="b">NSL</subfield>
    <subfield code="c">GF/Rk-23/C-3/R-6</subfield>
    <subfield code="d">1967-06-30</subfield>
    <subfield code="l">0</subfield>
    <subfield code="o">R 001(680)(058.7) L6</subfield>
    <subfield code="p">79368</subfield>
    <subfield code="r">2023-05-29 00:00:00</subfield>
    <subfield code="w">1967-06-30</subfield>
    <subfield code="y">PR</subfield>
  </datafield>
  <datafield tag="952" ind1=" " ind2=" ">
    <subfield code="0">0</subfield>
    <subfield code="1">0</subfield>
    <subfield code="2">udc</subfield>
    <subfield code="4">0</subfield>
    <subfield code="6">R_0016800587_K7</subfield>
    <subfield code="7">0</subfield>
    <subfield code="9">54886</subfield>
    <subfield code="a">NSL</subfield>
    <subfield code="b">NSL</subfield>
    <subfield code="c">GF/Rk-23/C-3/R-6</subfield>
    <subfield code="d">1967-06-30</subfield>
    <subfield code="l">0</subfield>
    <subfield code="o">R 001(680)(058.7) K7</subfield>
    <subfield code="p">93894</subfield>
    <subfield code="r">2023-05-29 00:00:00</subfield>
    <subfield code="w">1967-06-30</subfield>
    <subfield code="y">PR</subfield>
  </datafield>
  <datafield tag="952" ind1=" " ind2=" ">
    <subfield code="0">0</subfield>
    <subfield code="1">0</subfield>
    <subfield code="2">udc</subfield>
    <subfield code="4">0</subfield>
    <subfield code="6">R_0016800587_M0</subfield>
    <subfield code="7">0</subfield>
    <subfield code="9">54889</subfield>
    <subfield code="a">NSL</subfield>
    <subfield code="b">NSL</subfield>
    <subfield code="c">GF/Rk-23/C-3/R-6</subfield>
    <subfield code="d">1967-06-30</subfield>
    <subfield code="l">0</subfield>
    <subfield code="o">R 001(680)(058.7) M0</subfield>
    <subfield code="p">101064</subfield>
    <subfield code="r">2023-05-29 00:00:00</subfield>
    <subfield code="w">1967-06-30</subfield>
    <subfield code="y">PR</subfield>
  </datafield>
</record>
